000 00684nam a2200289Ia 4500
005 20260324133741.0
008 008 260324s9999 xx 000 0 eng d
020 _a9781849771467
037 _aEBOOK
040 _aCRL
040 _beng
040 _cCRL
041 _2eng
041 _aeng
084 _qCRL
100 _aJohn D Clark
_91194251
245 0 _aGlobalizing Civic Engagement
245 0 _bCivil Society and Transnational Action
260 _bTaylor and Francis
260 _c2003
365 _a
365 _b230
856 _uhttp://www.taylorfrancis.com/books/9781849771467
942 _cEBOOK
999 _c1793627
_d1793627